[Event "Regionalliga SW 1213"]
[Site "Bayern"]
[Date "2012.12.09"]
[Round "4.6"]
[White "Markl, Martin"]
[Black "Mueller, Werner7"]
[Result "0-1"]
[WhiteElo "2026"]
[BlackElo "2039"]
[PlyCount "70"]
[EventDate "2012.10.14"]
[EventType "team-tourn"]
[EventRounds "9"]
[EventCountry "GER"]
[SourceTitle "EXT 2015"]
[Source "ChessBase"]
[SourceDate "2014.11.20"]
[SourceVersion "1"]
[SourceVersionDate "2014.11.20"]
[SourceQuality "1"]
[WhiteTeam "Muenchen Siemens"]
[BlackTeam "Goeggingen"]
[WhiteTeamCountry "GER"]
[BlackTeamCountry "GER"]

1. d4 Nf6 2. c4 g6 3. Nc3 Bg7 4. e4 d6 5. Nf3 0-0 6. Be2 e5 7. Be3 Nc6 8. d5 Ne7 9. h3 Nh5 10. Ng1 Nf4 11. Bf3 f5 12. g3 fxe4 13. Nxe4 Nf5 14. gxf4 Nxe3 15. fxe3 exf4 16. Qc2 Qh4+ 17. Qf2 Qe7 18. 0-0-0 Bf5 19. Qg2 Rae8 20. Nc3 Qxe3+ 21. Qd2 Qc5 22. Be2 Re3 23. Na4 Rxe2 24. Nxe2 Qxc4+ 25. Nac3 b5 26. Nd4 b4 27. Qe2 Qc5 28. Nb3 f3 29. Qxf3 Bh6+ 30. Rd2 Bxd2+ 31. Kxd2 bxc3+ 32. bxc3 Qa3 33. Nd4 Qxa2+ 34. Ke3 Bd7 35. Qe2 Qxd5 0-1

[Event "Regionalliga SW 1213"]
[Site "Bayern"]
[Date "2012.11.25"]
[Round "3.5"]
[White "Markl, Martin"]
[Black "Bohnhoff, Peter"]
[Result "1-0"]
[WhiteElo "2026"]
[BlackElo "1979"]
[PlyCount "73"]
[EventDate "2012.10.14"]
[EventType "team-tourn"]
[EventRounds "9"]
[EventCountry "GER"]
[SourceTitle "EXT 2015"]
[Source "ChessBase"]
[SourceDate "2014.11.20"]
[SourceVersion "1"]
[SourceVersionDate "2014.11.20"]
[SourceQuality "1"]
[WhiteTeam "Muenchen Siemens"]
[BlackTeam "Muenchen RTA"]
[WhiteTeamCountry "GER"]
[BlackTeamCountry "GER"]

1. d4 f5 2. c4 Nf6 3. Nc3 d6 4. g3 g6 5. Bg2 Bg7 6. Nf3 0-0 7. 0-0 Qe8 8. Re1 Qf7 9. Qd3 h6 10. c5 Nc6 11. cxd6 exd6 12. a3 Be6 13. b4 Rae8 14. Bb2 Bc8 15. e3 g5 16. Rac1 Ne4 17. Re2 d5 18. Rec2 f4 19. b5 fxg3 20. fxg3 Ne7 21. Ne5 Nf2 22. Qf1 Bxe5 23. Rxf2 Bf6 24. a4 c6 25. Kh1 Qg6 26. Ba3 Rf7 27. bxc6 bxc6 28. Bxe7 Bxe7 29. e4 Rxf2 30. Qxf2 dxe4 31. Bxe4 Qd6 32. d5 Rf8 33. Qc2 c5 34. Nb5 Qf6 35. Qc4 Kh8 36. Nxa7 Qd4 37. Qxd4+ 1-0

[Event "Rhein Main op-A 15th"]
[Site "Bad Homburg"]
[Date "2012.06.09"]
[Round "5"]
[White "Markl, Martin"]
[Black "Ruehrmund, Daniel"]
[Result "0-1"]
[WhiteElo "2172"]
[BlackElo "1979"]
[PlyCount "116"]
[EventDate "2012.06.06"]
[EventType "swiss"]
[EventRounds "7"]
[EventCountry "GER"]
[SourceTitle "EXT 2013"]
[Source "ChessBase"]
[SourceDate "2012.11.22"]
[SourceVersion "1"]
[SourceVersionDate "2012.11.22"]
[SourceQuality "1"]

1. d4 Nf6 2. c4 e6 3. Nc3 Bb4 4. e3 b6 5. Bd3 Bb7 6. f3 c5 7. Nge2 0-0 8. 0-0 cxd4 9. exd4 d5 10. Bg5 Be7 11. Rc1 Nc6 12. Kh1 Nb4 13. Bb1 dxc4 14. Qd2 Nfd5 15. Bxe7 Qxe7 16. a3 Nc6 17. Rfe1 Na5 18. Ng3 g6 19. Qh6 Qf6 20. Re5 Qf4 21. Qxf4 Nxf4 22. Nb5 Rfd8 23. Rd1 Kg7 24. Ree1 Rd7 25. Bc2 Bc6 26. Nc3 Rad8 27. Nge2 Nxe2 28. Nxe2 a6 29. Kg1 Bb7 30. Kf2 Nc6 31. Be4 Ne7 32. Rc1 b5 33. Bxb7 Rxb7 34. b3 cxb3 35. Rc3 Nf5 36. Rxb3 Nxd4 37. Rd1 Nxb3 38. Rxd8 Na5 39. Ra8 Rb6 40. Nc3 Nc4 41. Nb1 Rd6 42. Ke2 h5 43. Ra7 g5 44. g3 Kg6 45. Ra8 Kf5 46. Rh8 Rd5 47. Rxh5 Re5+ 48. Kf2 Kg6 49. Rh8 Re3 50. Rg8+ Kh7 51. Rd8 Rb3 52. Rd1 Nxa3 53. Nxa3 Rxa3 54. h4 gxh4 55. gxh4 b4 56. Rd7 Kg6 57. h5+ Kxh5 58. Rxf7 Kg6 0-1

[Event "Rhein Main op-A 15th"]
[Site "Bad Homburg"]
[Date "2012.06.07"]
[Round "2"]
[White "Goebel, Andreas"]
[Black "Markl, Martin"]
[Result "0-1"]
[WhiteElo "2019"]
[BlackElo "2172"]
[PlyCount "58"]
[EventDate "2012.06.06"]
[EventType "swiss"]
[EventRounds "7"]
[EventCountry "GER"]
[SourceTitle "EXT 2013"]
[Source "ChessBase"]
[SourceDate "2012.11.22"]
[SourceVersion "1"]
[SourceVersionDate "2012.11.22"]
[SourceQuality "1"]

1. Nf3 Nf6 2. g3 d5 3. Bg2 c5 4. 0-0 Nc6 5. d4 e6 6. c4 dxc4 7. dxc5 Bxc5 8. Qxd8+ Kxd8 9. Nbd2 c3 10. bxc3 Bd7 11. Nb3 Be7 12. Nfd4 Nd5 13. Bb2 Nxd4 14. cxd4 Bb5 15. Bf3 a5 16. Rfc1 a4 17. Nc5 b6 18. Ne4 a3 19. Bc3 Rc8 20. Bd2 Kd7 21. e3 Rxc1+ 22. Rxc1 Rc8 23. Nc3 Nxc3 24. Bxc3 Bb4 25. Rb1 Rxc3 26. Kg2 Rc4 27. Be2 Bc6+ 28. e4 Bxe4+ 29. f3 Bxb1 0-1

[Event "Regionalliga SW 1112"]
[Site "Bayern"]
[Date "2011.11.20"]
[Round "3.1"]
[White "Kosic, Dragan"]
[Black "Markl, Martin"]
[Result "1-0"]
[WhiteElo "2526"]
[BlackElo "2040"]
[PlyCount "71"]
[EventDate "2011.10.02"]
[EventType "team-tourn"]
[EventRounds "9"]
[EventCountry "GER"]
[SourceTitle "EXT 2013"]
[Source "ChessBase"]
[SourceDate "2012.11.22"]
[SourceVersion "1"]
[SourceVersionDate "2012.11.22"]
[SourceQuality "1"]
[WhiteTeam "Muenchen Suedost"]
[BlackTeam "Muenchen Siemens"]
[WhiteTeamCountry "GER"]
[BlackTeamCountry "GER"]

1. d4 Nf6 2. Nf3 g6 3. Nc3 d5 4. Bf4 c6 5. e3 Bg4 6. Be2 Nbd7 7. h3 Bxf3 8. Bxf3 Bg7 9. 0-0 0-0 10. Bh2 Re8 11. a4 a5 12. Qd2 e5 13. Rfd1 Qe7 14. Bg3 Bh6 15. dxe5 Nxe5 16. Be2 Rad8 17. Qe1 Nc4 18. Bxc4 dxc4 19. Bh4 Bg7 20. Qe2 Qe6 21. Qf3 h6 22. Rab1 Qe7 23. Qe2 Qb4 24. Qf3 Qe7 25. Bg3 Rxd1+ 26. Qxd1 Rd8 27. Qe1 Qb4 28. e4 b5 29. axb5 cxb5 30. e5 Nh5 31. Bh2 Re8 32. Qe3 Nf6 33. Qa7 Nh7 34. Qd7 Rxe5 35. Bxe5 Bxe5 36. Qe8+ 1-0

[Event "Bayern-chI Bank Hofmann 14th"]
[Site "Bad Wiessee"]
[Date "2010.10.31"]
[Round "3"]
[White "Markl, Martin"]
[Black "Kostic, Vladimir G"]
[Result "0-1"]
[WhiteElo "2198"]
[BlackElo "2427"]
[PlyCount "46"]
[EventDate "2010.10.30"]
[EventType "swiss"]
[EventRounds "9"]
[EventCountry "GER"]
[SourceTitle "EXT 2011"]
[Source "ChessBase"]
[SourceDate "2010.11.26"]
[SourceVersion "1"]
[SourceVersionDate "2010.11.26"]
[SourceQuality "1"]

1. d4 d5 2. c4 dxc4 3. Nc3 a6 4. a4 Nc6 5. e3 Na5 6. Nf3 Nf6 7. Nd2 Be6 8. Be2 c6 9. 0-0 g6 10. f4 h5 11. Nde4 Nxe4 12. Nxe4 Nb3 13. Ra3 Bg4 14. Bxg4 hxg4 15. Qxg4 e6 16. Ra2 Be7 17. Bd2 Nxd4 18. Bc3 Rh4 19. Qd1 Nf5 20. Qf3 Qd3 21. Nf6+ Kf8 22. g3 Rh3 23. Kg2 Nh4+ 0-1

[Event "Regionalliga SW 0910"]
[Site "Bayern"]
[Date "2010.04.11"]
[Round "9.5"]
[White "Markl, Martin"]
[Black "Winterkamp, Stefan"]
[Result "1/2-1/2"]
[WhiteElo "2101"]
[BlackElo "1957"]
[PlyCount "90"]
[EventDate "2009.10.18"]
[EventType "team-tourn"]
[EventRounds "9"]
[EventCountry "GER"]
[SourceTitle "EXT 2011"]
[Source "ChessBase"]
[SourceDate "2010.11.26"]
[SourceVersion "1"]
[SourceVersionDate "2010.11.26"]
[SourceQuality "1"]
[WhiteTeam "Muenchen Siemens"]
[BlackTeam "Klosterlechfeld"]
[WhiteTeamCountry "GER"]
[BlackTeamCountry "GER"]

1. d4 Nf6 2. c4 e6 3. Nf3 b6 4. a3 Ba6 5. e3 d5 6. Nbd2 Bd6 7. b4 dxc4 8. Bxc4 Bb7 9. 0-0 Nbd7 10. Qc2 Rc8 11. e4 e5 12. Bb2 Qe7 13. dxe5 Nxe5 14. Nxe5 Bxe5 15. Bxe5 Qxe5 16. Qa4+ c6 17. Qxa7 Qc7 18. Ba6 Bxa6 19. Qxa6 b5 20. a4 bxa4 21. e5 Nd5 22. Qxa4 0-0 23. Nf3 Rb8 24. Rac1 Nxb4 25. Rc4 c5 26. Qa3 Rfd8 27. Qe3 Rd5 28. Rg4 Rb6 29. Ra1 Qd8 30. Rf1 Nc2 31. Qc3 Nd4 32. Nxd4 cxd4 33. Qd3 Re6 34. f4 Rc6 35. Qg3 Rg6 36. Rxg6 hxg6 37. Qd3 Qd7 38. Rc1 Ra5 39. Rc2 Ra1+ 40. Kf2 Qd8 41. Rd2 Rh1 42. h3 Qh4+ 43. Kf3 Qh5+ 44. Ke4 Qf5+ 45. Kf3 Qh5+ 1/2-1/2

[Event "Oberwart op-A"]
[Site "Oberwart"]
[Date "2009.07.17"]
[Round "7"]
[White "Neumeier, Klaus"]
[Black "Markl, Martin"]
[Result "1-0"]
[WhiteElo "2344"]
[BlackElo "2200"]
[PlyCount "69"]
[EventDate "2009.07.11"]
[EventType "swiss"]
[EventRounds "9"]
[EventCountry "AUT"]
[SourceTitle "CBM 131 Extra"]
[Source "ChessBase"]
[SourceDate "2009.09.03"]
[SourceVersion "2"]
[SourceVersionDate "2009.09.16"]
[SourceQuality "1"]

1. e4 e5 2. Nf3 Nc6 3. Bb5 a6 4. Ba4 Nf6 5. 0-0 Be7 6. Re1 b5 7. Bb3 d6 8. c3 0-0 9. h3 Na5 10. Bc2 c5 11. d4 Qc7 12. Nbd2 Bd7 13. Nf1 Rfc8 14. Bd3 exd4 15. cxd4 c4 16. Bc2 b4 17. Bg5 h6 18. Bh4 Bc6 19. Ne3 b3 20. axb3 Nxb3 21. Rb1 g5 22. Bg3 Na5 23. Nf5 Bf8 24. Nxd6 Bxd6 25. e5 Bb4 26. exf6 Qd8 27. Re5 Qxf6 28. d5 Bd7 29. Qd4 Qd8 30. Qe4 f5 31. Rxf5 Bxf5 32. Qxf5 Qe7 33. Qg6+ Qg7 34. Qe6+ Kf8 35. Ne5 1-0

[Event "Regionalliga SW 0809"]
[Site "Bayern"]
[Date "2008.12.14"]
[Round "4.4"]
[White "Heinrich, Helmut1"]
[Black "Markl, Martin"]
[Result "0-1"]
[WhiteElo "2006"]
[BlackElo "2051"]
[PlyCount "91"]
[EventDate "2008.10.05"]
[EventType "team-tourn"]
[EventRounds "9"]
[EventCountry "GER"]
[SourceTitle "EXT 2020"]
[Source "ChessBase"]
[SourceDate "2019.10.17"]
[SourceVersion "1"]
[SourceVersionDate "2019.10.17"]
[SourceQuality "1"]
[WhiteTeam "Klosterlechfeld"]
[BlackTeam "Muenchen Siemens"]
[WhiteTeamCountry "GER"]
[BlackTeamCountry "GER"]

1. f4 e5 2. fxe5 d6 3. exd6 Bxd6 4. Nf3 Nf6 5. e3 Ng4 6. Qe2 Nc6 7. Nc3 Nce5 8. g3 h5 9. h3 Qf6 10. Nd4 Nd3+ 11. cxd3 Bxg3+ 12. Kd1 Nf2+ 13. Kc2 Nxh1 14. Ne4 Qg6 15. Qf3 f5 16. Nc5 Nf2 17. Nxb7 Rb8 18. Na5 Rb6 19. b3 0-0 20. Ba3 Re8 21. Bc5 Ra6 22. b4 f4 23. Ndc6 Kh7 24. b5 Rxa5 25. Nxa5 fxe3 26. dxe3 Rd8 27. e4 Nxh3 28. Bxh3 Bxh3 29. Rg1 h4 30. Nc6 Rd7 31. Ne5 Qe6 32. Nxd7 Qxa2+ 33. Kc3 Bxd7 34. Qh5+ Kg8 35. Qd5+ Qxd5 36. exd5 Bxb5 37. Bxa7 Kf7 38. Rg2 g5 39. Bf2 Bxf2 40. Rxf2+ Kg6 41. Rb2 h3 42. Kd4 g4 43. Ke3 g3 44. Kf3 h2 45. Kg2 Bxd3 46. Rb4 0-1

[Event "Regionalliga SO 0506"]
[Site "Bayern"]
[Date "2006.04.02"]
[Round "9.3"]
[White "Kondrak, Christof"]
[Black "Markl, Martin"]
[Result "1-0"]
[WhiteElo "2059"]
[BlackElo "2093"]
[PlyCount "85"]
[EventDate "2005.10.23"]
[EventType "team-tourn"]
[EventRounds "9"]
[EventCountry "GER"]
[SourceTitle "EXT 2007"]
[Source "ChessBase"]
[SourceDate "2006.11.23"]
[SourceVersion "1"]
[SourceVersionDate "2006.11.23"]
[SourceQuality "1"]
[WhiteTeam "Weilheim"]
[BlackTeam "Pang/Rosenheim II"]
[WhiteTeamCountry "GER"]
[BlackTeamCountry "GER"]

1. d4 d5 2. c4 e6 3. Nf3 Nf6 4. Bg5 Be7 5. e3 h6 6. Bh4 g5 7. Bg3 Ne4 8. Qc2 Nc6 9. Nfd2 Nxg3 10. hxg3 e5 11. cxd5 Nb4 12. Qb3 exd4 13. e4 c6 14. a3 Qa5 15. dxc6 d3 16. Bxd3 Nxd3+ 17. Qxd3 bxc6 18. Qd4 f6 19. b4 Qc7 20. 0-0 Ba6 21. Rc1 0-0 22. Nc3 Qb7 23. Na4 Rad8 24. Qb2 Qb5 25. Nc5 Bxc5 26. Rxc5 Qe2 27. Qb3+ Kg7 28. Nf3 Rd3 29. Qe6 Bc8 30. Qc4 Ba6 31. Qc2 Rxa3 32. Rxa3 Qf1+ 33. Kh2 Rd8 34. Rxa6 Rd1 35. Qxd1 Qxd1 36. Rcxc6 Qe2 37. Rxa7+ Kg6 38. e5 Kh5 39. Rxf6 Qxf2 40. Rh7 Kg4 41. e6 Qxg3+ 42. Kg1 Qb8 43. Nh2+ 1-0

[Event "Bad Woerishofen op 22nd"]
[Site "Bad Woerishofen"]
[Date "2006.03.18"]
[Round "2"]
[White "Eingorn, Vereslav S"]
[Black "Markl, Martin"]
[Result "1-0"]
[WhiteElo "2595"]
[BlackElo "2194"]
[PlyCount "105"]
[EventDate "2006.03.17"]
[EventType "swiss"]
[EventRounds "9"]
[EventCountry "GER"]
[SourceTitle "CBM 111 Extra"]
[Source "ChessBase"]
[SourceDate "2006.05.09"]
[SourceVersion "1"]
[SourceVersionDate "2006.05.09"]
[SourceQuality "1"]

1. d4 c5 2. d5 e5 3. e4 g6 4. Nc3 d6 5. Nf3 Bg7 6. Nd2 Nf6 7. Be2 a6 8. a4 0-0 9. a5 Nbd7 10. Nc4 Ne8 11. Na4 Rb8 12. 0-0 f5 13. exf5 gxf5 14. f4 e4 15. Bd2 Ndf6 16. Ne3 Nc7 17. c4 Na8 18. Bc3 Bd7 19. Qd2 Qe8 20. b3 Qg6 21. Nb2 Ng4 22. Bxg4 Bxc3 23. Qxc3 fxg4 24. Nbd1 h5 25. Ra2 Rf7 26. g3 Nc7 27. Ng2 Ne8 28. Re2 Nf6 29. Nf2 Qh7 30. Rfe1 Re8 31. b4 cxb4 32. Qxb4 e3 33. Rxe3 Rfe7 34. Qb2 Rxe3 35. Rxe3 Rxe3 36. Nxe3 Ne4 37. Qxb7 Nxf2 38. Kxf2 Qe4 39. Ke2 Bf5 40. Qb3 Qf3+ 41. Kd2 Qf2+ 42. Kc1 Qg1+ 43. Kb2 Qb1+ 44. Ka3 Qa1+ 45. Kb4 Qe1+ 46. Qc3 Qb1+ 47. Ka3 Be4 48. c5 dxc5 49. d6 Kf8 50. Nc4 Bd5 51. d7 Ke7 52. Qe5+ Be6 53. Qxc5+ 1-0

[Event "Regionalliga SO 0506"]
[Site "Bayern"]
[Date "2005.11.13"]
[Round "2.3"]
[White "Hofmann, Juergen2"]
[Black "Markl, Martin"]
[Result "1-0"]
[WhiteElo "2167"]
[BlackElo "2102"]
[PlyCount "81"]
[EventDate "2005.10.23"]
[EventType "team-tourn"]
[EventRounds "9"]
[EventCountry "GER"]
[SourceTitle "EXT 2007"]
[Source "ChessBase"]
[SourceDate "2006.11.23"]
[SourceVersion "1"]
[SourceVersionDate "2006.11.23"]
[SourceQuality "1"]
[WhiteTeam "Graefelfing SK"]
[BlackTeam "Pang/Rosenheim II"]
[WhiteTeamCountry "GER"]
[BlackTeamCountry "GER"]

1. e4 e5 2. Nf3 Nc6 3. Bb5 a6 4. Ba4 Nf6 5. d4 exd4 6. 0-0 Be7 7. e5 Ne4 8. Nxd4 Nc5 9. Nf5 Bf8 10. Bxc6 dxc6 11. Qf3 Bxf5 12. Qxf5 Qd7 13. Qxd7+ Nxd7 14. Re1 0-0-0 15. Nd2 Bb4 16. c3 Bc5 17. Ne4 Rde8 18. Bf4 Re7 19. Ng3 g6 20. Ne4 Rhe8 21. Kf1 Bb6 22. Rad1 f5 23. Rxd7 Kxd7 24. Nf6+ Ke6 25. Nxe8 Rxe8 26. Bg5 c5 27. Rd1 c6 28. Rd6+ Kxe5 29. Rd7 c4 30. Rxb7 Bd8 31. Rb8 Ke4 32. Rxd8 Rxd8 33. Bxd8 Kd3 34. Be7 g5 35. Bxg5 Kc2 36. Ke2 Kxb2 37. Kd2 Kxa2 38. Kc2 Ka3 39. f3 Ka4 40. Be7 Kb5 41. Kb2 1-0

[Event "Landesliga Sued 0506"]
[Site "Bayern"]
[Date "2005.10.23"]
[Round "1.8"]
[White "Freimann, Peter"]
[Black "Markl, Martin"]
[Result "0-1"]
[WhiteElo "2047"]
[BlackElo "2097"]
[PlyCount "120"]
[EventDate "2005.10.23"]
[EventType "team-tourn"]
[EventRounds "9"]
[EventCountry "GER"]
[SourceTitle "EXT 2007"]
[Source "ChessBase"]
[SourceDate "2006.11.23"]
[SourceVersion "1"]
[SourceVersionDate "2006.11.23"]
[SourceQuality "1"]
[WhiteTeam "Schwabing SG Nord"]
[BlackTeam "Pang/Rosenheim"]
[WhiteTeamCountry "GER"]
[BlackTeamCountry "GER"]

1. d4 d5 2. c4 Nf6 3. Nf3 e6 4. Nc3 b6 5. cxd5 exd5 6. Bg5 Be7 7. e3 0-0 8. Be2 Bb7 9. 0-0 c5 10. Ne5 Ne4 11. Bxe7 Qxe7 12. Nxe4 dxe4 13. Qb3 cxd4 14. exd4 Nd7 15. Nxd7 Qxd7 16. Rad1 Rac8 17. f3 Bd5 18. Qa3 Rc2 19. fxe4 Rxe2 20. exd5 Qxd5 21. Rf2 Rxf2 22. Kxf2 Rc8 23. Rd2 Qg5 24. Qe3 Qh4+ 25. Qg3 Qf6+ 26. Qf3 Qh6 27. Qe3 Qxh2 28. d5 Qd6 29. g3 a5 30. Kg2 h6 31. Qe4 Rd8 32. a3 Rd7 33. Rc2 g6 34. Rc6 Qxd5 35. Qxd5 Rxd5 36. Rxb6 h5 37. a4 Rd2+ 38. Kf3 Rd3+ 39. Kf2 Rd4 40. b3 Rd3 41. b4 axb4 42. Rxb4 Kg7 43. Rb6 Ra3 44. Ra6 Kh6 45. Rf6 Ra2+ 46. Kf3 Kg7 47. Ra6 Ra3+ 48. Kf2 f5 49. Kg2 Kh6 50. Kf2 Kg5 51. Kg2 Rb3 52. a5 Ra3 53. Kf2 Ra4 54. Kf3 h4 55. gxh4+ Rxh4 56. Ra8 Rh3+ 57. Kg2 Ra3 58. a6 Kg4 59. a7 Ra2+ 60. Kf1 g5 0-1

[Event "Bayern-ch 76th"]
[Site "Wuerzburg"]
[Date "2005.08.31"]
[Round "6"]
[White "Lochte, Thomas"]
[Black "Markl, Martin"]
[Result "1-0"]
[WhiteElo "2087"]
[BlackElo "2099"]
[PlyCount "55"]
[EventDate "2005.08.27"]
[EventType "swiss"]
[EventRounds "9"]
[EventCountry "GER"]
[SourceTitle "EXT 2015"]
[Source "ChessBase"]
[SourceDate "2014.11.20"]
[SourceVersion "1"]
[SourceVersionDate "2014.11.20"]
[SourceQuality "1"]

1. e4 c5 2. d4 g6 3. c3 cxd4 4. cxd4 Bg7 5. Nc3 Nc6 6. Nf3 d6 7. d5 Ne5 8. Nxe5 Bxe5 9. Qb3 Nf6 10. f4 Bxc3+ 11. Qxc3 Bd7 12. Be3 0-0 13. Bd3 Ng4 14. Bd4 e5 15. dxe6 fxe6 16. 0-0 Rc8 17. Qb3 b6 18. h3 Nf6 19. f5 gxf5 20. exf5 d5 21. fxe6 Bxe6 22. Rae1 Rc6 23. Bb5 Rd6 24. Qg3+ Bg4 25. hxg4 Ne4 26. Qe5 Rff6 27. Rxe4 dxe4 28. Bc4+ 1-0

[Event "Regionalliga SO 0405"]
[Site "Bayern"]
[Date "2005.03.13"]
[Round "8.3"]
[White "Lochte, Thomas"]
[Black "Markl, Martin"]
[Result "1-0"]
[WhiteElo "2131"]
[BlackElo "2125"]
[PlyCount "42"]
[EventDate "2004.10.24"]
[EventType "team-tourn"]
[EventRounds "9"]
[EventCountry "GER"]
[SourceTitle "EXT 2007"]
[Source "ChessBase"]
[SourceDate "2006.11.23"]
[SourceVersion "1"]
[SourceVersionDate "2006.11.23"]
[SourceQuality "1"]
[WhiteTeam "Starnberg"]
[BlackTeam "Pang/Rosenheim II"]
[WhiteTeamCountry "GER"]
[BlackTeamCountry "GER"]

1. e4 e5 2. Nf3 Nc6 3. Bb5 Nf6 4. d4 Nxd4 5. Nxd4 exd4 6. e5 c6 7. Qxd4 Qa5+ 8. Bd2 Qxb5 9. exf6 gxf6 10. Qxf6 Rg8 11. Nc3 Qh5 12. 0-0 d6 13. Rfe1+ Kd7 14. Ne4 Kc7 15. Bf4 Rg6 16. Qxf7+ Bd7 17. Nxd6 Rxg2+ 18. Kxg2 Qh3+ 19. Kg1 Qg4+ 20. Bg3 Bxd6 21. Rad1 Rf8 1-0